Varjú, D.: Systemtheorie für Biologen und Mediziner

Bibliographic Details
Main Authors: Mikulecký, Miroslav, 1927-2015 (Author), Varjú, D. (Author)
Format: Article
Language:Czech
Subjects:

MARC

LEADER 00000nab a2200000 a 4500
001 vtls000044728
003 SK-MaSNL
005 20260318121438.0
008 160202c1979 xo 0 cze
015 |a SNBRB19rr/mm-uuuuu 
035 |a CL0054823 
040 |a SNKBUCL  |b slo  |c SNKBUCL  |e AACR2 
041 0 |a cze 
044 |a xo  |c SK 
080 |a 519.7  |2 1981 
080 |a 582  |2 1981 
080 |a 592/599  |2 1981 
080 |a 007  |2 1981 
100 1 |a Mikulecký, Miroslav,  |d 1927-2015  |4 aut  |9 218286 
245 1 0 |a Varjú, D.: Systemtheorie für Biologen und Mediziner  |c M. Mikulecký ; D. Varjú 
650 0 7 |a biokybernetika  |2 snkbucl  |9 67295 
650 0 7 |a teória systémov  |2 snkbucl  |9 1594 
655 7 |a články z novín a časopisov  |2 snkbucl  |9 267496 
700 1 |a Varjú, D.  |4 aut  |9 1576794 
773 0 |t Biológia  |g Roč. 34, č. 3 (1979), s. 266 
787 0 8 |i Rec.:  |a Varjú, D.  |t Systemtheorie für Biologen und Mediziner  |d New York-Berlin-Heidelberg : Springer Verlag, 1977 
850 |a Slovenská národná knižnica v Martine  |a MTA001 
852 |a SNK  |b KIS3GCP 
958 |a RK 
958 |a CZ 
992 |a RBX 
999 |c 3219608  |d 3221538